00584 2200229 4500001002100000005001500021008004100036020002200077035001900099041000700118082000800125090001400133100001900147700001800166700001200184245005400196250001000250260002500260300003000285500001100315650002800326INLIS00000000000430920241224112903241224||||||||| | ||| |||| || |  a978-979-054-331-7 0010-1224004309 aid0 a950 a950 YUY n0 aYuyus Kardiman0 aPipiah Sopiah0 aHanifah00aNegara-Negara Yang Memproklamasikan Diri Di Dunia aEd. 1 aBogorbQuandrac2010 aiv, 100 hlm. : ilus. ; 25 aCet. 1 0aIlmu Sejarah & Biografi